Mercados financieros / (Registro nro. 8280)

Detalles MARC
000 -LEADER
fixed length control field 03773nam a2200289Ia 4500
003 - CONTROL NUMBER IDENTIFIER
control field OSt
005 - DATE AND TIME OF LATEST TRANSACTION
control field 20210811084821.0
008 - FIXED-LENGTH DATA ELEMENTS--GENERAL INFORMATION
fixed length control field 210310s2007 ck ad fr 000 0dspa d
020 ## - INTERNATIONAL STANDARD BOOK NUMBER
International Standard Book Number 9789586952774
040 ## - CATALOGING SOURCE
Original cataloging agency CO-JMCR
Transcribing agency CO-JMCR
041 0# - LANGUAGE CODE
Language code of text/sound track or separate title spa
082 04 - DEWEY DECIMAL CLASSIFICATION NUMBER
Classification number 332.09861 /
Item number S487m1
Edition number 23
100 1# - MAIN ENTRY--PERSONAL NAME
Personal name Serrano Rodríguez, Javier,
9 (RLIN) 7608
Relator term autor
245 10 - TITLE STATEMENT
Title Mercados financieros /
Statement of responsibility, etc. Javier Serrano Rodríguez
260 ## - PUBLICATION, DISTRIBUTION, ETC.
Place of publication, distribution, etc. Bogotá :
Name of publisher, distributor, etc. Universidad de los Andes,
Date of publication, distribution, etc. 2007
300 ## - PHYSICAL DESCRIPTION
Extent 510 páginas :
Other physical details ilustraciones y gráficas a blanco y negro ;
Dimensions 23 cm.
500 ## - GENERAL NOTE
General note Incluye datos biográficos del autor y notas a pie de página.
504 ## - BIBLIOGRAPHY, ETC. NOTE
Bibliography, etc. note Bibliografía al final de cada capítulo.
505 0# - FORMATTED CONTENTS NOTE
Formatted contents note Sistemas financieros. Visión general del Sistema Financiero Colombiano -- Mercados monetarios y de capitales -- Las políticas monetaria y cambiaria y su impacto sobre el Sistema Financiero -- Establecimientos de crédito: Principales operaciones -- Mercado monetario en Colombia - Manejo de tesorería -- Mercado de capitales en Colombia: Mercado público de valores e instrumentos principales -- El mercado bursátil colombiano -- Inversionistas institucionales -- Mercado de deuda pública -- Financiamiento de vivienda en Colombia -- Sistema financiero de los Estados Unidos -- Mercados de bonos y de acciones -- Mercados de derivados: contratos de futuros -- Los contratos de opciones -- Banca de inversión -- Tópicos especiales en los mercados financieros internacionales -- Organismos multilaterales de crédito
520 3# - SUMMARY, ETC.
Summary, etc. Mercados Financieros: Una Visión del Sistema Financiero Colombiano y de los Principales Mercados Financieros Internacionales constituye una importante y valiosa contribución al conocimiento de los mercados financieros, tanto para los académicos interesados en el tema como para cualquier persona que quiera conocer como opera el mundo cotidiano de las finanzas en Colombia y en otros países. Así mismo, se convierte en texto guía y obra de consulta obligatoria para estudiantes de finanzas en diferentes programas académicos de pregrado y posgrado como maestrías y especializaciones. En la primera parte, se hace una exposición profunda y sistemática del sistema financiero colombiano y sus mercados más representativos (monetarios, TES, titularización de cartera hipotecaria, bonos y acciones), y se presenta la operación de sus principales instituciones y las oportunidades que allí se encuentran para la conformación de una estructura financiera adecuada a nivel empresarial. Se incluyen adicionalmente temas como la implantación de políticas relacionadas con la administración de establecimientos de crédito y de portafolios de inversión; y la operación sistemática de nuestros mercados financieros y sus instituciones, que contribuye al desarrollo y conocimiento de las finanzas en Colombia. La segunda parte del libro presenta en forma clara y didáctica el desarrollo de los principales mercados financieros del mundo, con énfasis en el merca do de los Estados Unidos (tesorería, bonos, acciones, futuros y opciones), los conceptos básicos relacionados con los mercados de derivados, la operación del mercado de euromonedas, al igual que los mercados de bonos y acciones a nivel internacional. Esta importante obra se destaca por su enfoque sistémico y didáctico, con gran valor agregado para especialistas en finanzas, pero de fácil comprensión para todos aquellos que quieran aproximarse al conocimiento del tema financiero.
650 14 - SUBJECT ADDED ENTRY--TOPICAL TERM
Topical term or geographic name entry element Mercado financiero
9 (RLIN) 16832
Geographic subdivision Colombia
650 24 - SUBJECT ADDED ENTRY--TOPICAL TERM
Topical term or geographic name entry element Mercado de capitales
Geographic subdivision Colombia
9 (RLIN) 7652
650 24 - SUBJECT ADDED ENTRY--TOPICAL TERM
Topical term or geographic name entry element Política monetaria
Geographic subdivision Colombia
9 (RLIN) 6926
650 24 - SUBJECT ADDED ENTRY--TOPICAL TERM
Topical term or geographic name entry element Finanzas
Geographic subdivision Colombia
9 (RLIN) 6833
650 24 - SUBJECT ADDED ENTRY--TOPICAL TERM
Topical term or geographic name entry element Finanzas internacionales
9 (RLIN) 5881
942 ## - ADDED ENTRY ELEMENTS (KOHA)
Source of classification or shelving scheme Dewey Decimal Classification
Koha item type Books
Existencias
Withdrawn status Lost status Source of classification or shelving scheme Damaged status Not for loan Collection code Home library Current library Date acquired Source of acquisition Full call number Barcode Date last seen Copy number Koha item type
    Dewey Decimal Classification     Non-fiction Biblioteca Pública José María del Castillo y Rada Biblioteca Pública José María del Castillo y Rada 04/15/2018 Donación 332.09861 / S487m1 430002870 05/16/2024 Ej.1 Books